000 00788nam a2200229 i 4500
001 50853
003 ES-MaACL
005 20250721063434.0
007 t|
008 030807s1980 sp ||||1| spa d
020 _a84-7231-565-7
100 1 _aCuenca Toribio, José Manuel,
_d1939-
_942007
245 1 0 _aSociedad y clero en la España del XIX /
_cJosé Manuel Cuenca Toribio.
250 _a1ª ed.
260 _aCórdoba :
_bMonte de Piedad y Caja de Ahorros de Córdoba,
_c1980.
300 _a416 p. :
_bgráf. ;
_c24 cm.
651 4 _aEspaña-
_xSituación social-
_yS.XIX
_98512
651 4 _aEspaña-
_xHistoria eclesiástica-
_yS.XIX.
_9158820
710 2 _aMonte de Piedad y Caja de Ahorros de Córdoba.
_95763
852 _aES-MaACL
_jL-116
999 _c50853
_d50853